|
|
|
|
| LEADER |
02539nam a2200577 a 4500 |
| 001 |
nkc20081805192 |
| 003 |
CZ PrNK |
| 005 |
20080731155310.0 |
| 007 |
ta |
| 008 |
080521s2008 xr a f 000 0 cze |
| 015 |
|
|
|a cnb001805192
|
| 020 |
|
|
|a 978-80-7375-167-8
|q (brož.)
|
| 035 |
|
|
|a (OCoLC)237078275
|
| 040 |
|
|
|a BOA001
|b cze
|d ABA001
|
| 041 |
0 |
|
|a cze
|b eng
|
| 072 |
|
7 |
|a 633
|x Rostlinná výroba
|2 Konspekt
|9 24
|
| 080 |
|
|
|a 633.491
|2 MRF
|
| 080 |
|
|
|a 633.4
|2 MRF
|
| 080 |
|
|
|a 504.5:613.26/.29
|2 MRF
|
| 080 |
|
|
|a 633
|2 MRF
|
| 080 |
|
|
|a (048.8)
|2 MRF
|
| 100 |
1 |
|
|a Jůzl, Miroslav,
|d 1952-
|7 xx0035217
|4 aut
|
| 245 |
1 |
0 |
|a Rizikové látky v bramboru (Solanum tuberosum L.) a ve výrobcích z hlíz =
|b Hazardous substances in potato plants (Solanum tuberosum L.) and potato-tuber products : monografie /
|c Miroslav Jůzl, Jaromír Zrůst, Jaroslav Hlušek
|
| 246 |
3 |
1 |
|a Hazardous substances in potato plants (Solanum tuberosum L.) and potato-tuber products
|
| 250 |
|
|
|a Vyd. 1.
|
| 260 |
|
|
|a Brno :
|b Mendelova zemědělská a lesnická univerzita v Brně,
|c 2008
|
| 300 |
|
|
|a 139 s. :
|b il. (některé barev.) ;
|c 26 cm
|
| 490 |
1 |
|
|a Folia Universitatis Agriculturae et Silviculturae Mendelianae Brunensis =
|a Folia Mendelovy zemědělské a lesnické univerzity : edice původních vědeckých prací a monografií,
|x 1803-2109 ;
|v 2008, 2
|
| 500 |
|
|
|a 100 výt.
|
| 504 |
|
|
|a Obsahuje bibliografii
|
| 546 |
|
|
|a Anglické resumé
|
| 650 |
0 |
7 |
|a brambory
|7 ph114194
|2 czenas
|
| 650 |
0 |
7 |
|a hlíznaté plodiny
|7 ph173815
|2 czenas
|
| 650 |
0 |
7 |
|a kontaminanty potravin
|7 ph134856
|2 czenas
|
| 650 |
0 |
7 |
|a rostlinná výroba
|7 ph116065
|2 czenas
|
| 650 |
0 |
9 |
|a potatoes
|2 eczenas
|
| 650 |
0 |
9 |
|a tuber crops
|2 eczenas
|
| 650 |
0 |
9 |
|a food contaminants
|2 eczenas
|
| 650 |
0 |
9 |
|a crop production
|2 eczenas
|
| 655 |
|
7 |
|a monografie
|7 fd132842
|2 czenas
|
| 655 |
|
9 |
|a monographs
|2 eczenas
|
| 700 |
1 |
|
|a Zrůst, Jaromír
|7 uzp2007365818
|4 aut
|
| 700 |
1 |
|
|a Hlušek, Jaroslav,
|d 1950-
|7 mzk2004246533
|4 aut
|
| 830 |
|
0 |
|a Folia Universitatis Agriculturae et Silviculturae Mendelianae Brunensis
|0 s
|
| 856 |
4 |
1 |
|u http://www.digitalniknihovna.cz/mzk/uuid/uuid:7b895e60-5703-11ea-8f2f-005056827e52
|y Digitalizovaný dokument
|x NDK
|
| 910 |
2 |
|
|a BOA001
|b 3-1204.125
|
| 990 |
|
|
|a BK
|
| 995 |
|
|
|a 01
|
| 991 |
|
|
|b 200805
|c NOV
|
| 996 |
6 |
|
|b 2610343309
|c 3-1204.125
|l MZK
|r Sklad / do 1 hodiny
|n 1
|p p.v.
|w 000898129
|u 000010
|a 1
|e BOA001
|j MZK50
|s P
|
| 996 |
7 |
|
|b 2610343310
|c 3-1204.125
|l MZK
|r Sklad / do 1 hodiny
|n 13
|p p.v.
|w 000898129
|u 000020
|a 1
|e BOA001
|j MZK50
|s A
|